Detalles MARC
| 000 -LÍDER |
| Campo fijo de descripción fija |
02301nam a2200325 i 4500 |
| 001 - NÚMERO DE CONTROL |
| Campo de control |
768714001 |
| 003 - IDENTIFICADOR DEL NÚMERO DE CONTROL |
| Campo de control |
CO-MdFUSB |
| 005 - FECHA Y HORA DE LA ULTIMA TRANSACCIÓN |
| control field |
20191022145802.0 |
| 008 - ELEMENTOS DE LONGITUD FIJA -- INFORMACIÓN GENERAL |
| Campo fijo de descripción fija -- Información general |
190927s2009 sp |||| |||| 00| 0 spa d |
| 020 ## - NÚMERO INTERNACIONAL NORMALIZADO PARA LIBROS |
| Número Internacional Normalizado del libro |
9788496836600 |
| 040 ## - FUENTE DE CATALOGACIÓN |
| Agencia de catalogación original |
CO-MdFUSB |
| Idioma de catalogación |
spa |
| Agencia que realiza la transcripción |
CO-MdFUSB |
| Agencia que realiza la modificación |
CO-MdFUSBC |
| Convenciones de la descripción |
rda |
| 041 ## - CÓDIGO DE IDIOMA |
| Código de idioma para texto/pista de sonido o título separado |
spa |
| 082 ## - NÚMERO DE CLASIFICACIÓN DECIMAL DEWEY |
| Número de la edición del Dewey |
23 |
| Número de clasificación |
305 |
| Clave de autor-Numero de item |
ID19 |
| 245 13 - TÍTULO |
| Título del Material |
La ideología de género : |
| Parte restante del título - Subtitulo |
reflexiones críticas. |
| Mención de responsabilidad, etc. |
/ coordinadoras María Lacalle Noriega ; Patricia Martínez Peroni ; prólogo del cardenal Antonio Cañizares. |
| 264 #1 - PRODUCCIÓN, PUBLICACIÓN, DISTRIBUCIÓN, MANUFACTURA, Y COPYRIGHT |
| Lugar de producción, publicación, distribución, manufactura |
España : |
| Nombre del productor, publicador, distribuidor |
Ciudadela, |
| Fecha de producción, publicación, distribución, manufactura, o copyright |
[2009] |
| 264 #4 - PRODUCCIÓN, PUBLICACIÓN, DISTRIBUCIÓN, MANUFACTURA, Y COPYRIGHT |
| Fecha de producción, publicación, distribución, manufactura, o copyright |
© 2009 |
| 300 ## - DESCRIPCIÓN FÍSICA |
| Extensión |
406 páginas |
| Dimensiones |
; 21 cm |
| 336 ## - TIPO DE CONTENIDO |
| Fuente |
rdacontent |
| Término de tipo de contenido |
texto |
| Código de tipo de contenido |
txt |
| 337 ## - TIPO DE MEDIO |
| Fuente |
rdamedia |
| Nombre del tipo de medio |
sin mediación |
| Código del tipo de medio |
n |
| 338 ## - TIPO DE SOPORTE |
| Fuente |
rdacarrier |
| Nombre del tipo de soporte |
volumen |
| Código Tipo de soporte |
nc |
| 490 ## - MENCIÓN DE SERIE |
| Mención de serie |
Ciudadela Ensayo |
| 505 ## - NOTA DE CONTENIDO |
| Nota de contenido con formato preestablecido |
Teoría de género: visión crítica de sus postulados y objetivos /Luis Garza Medina, LC. -- Sexo, hombre, mujer, familia: algunos términos en desuso en la ideología de género. / Begoña García Zapata. -- El misterio de la sexualidad: entre la máscara del deseo y el rostro del amor. /Juan José Pérez-Soba. -- Identidad y diferencia: La construcción social de "género" ./ Aquilino Polaino-Lorente. -- La ideología de género y el proceso de reingeniería social anticristiana. / Juan Claudio Sanahuja.-- La ideología de género en la opinión pública. /José Ángel Agejas Esteban. -- Cerebro y diferencias sexuales: mujer - varón. / José Manuel Giménez Amaya. -- Los estudios de género en el campo de la educación. Una denuncia /Inger Enkvist. -- Epidemiología de las diferencias psicopatológicas entre varones y mujeres. /Jokin de Irala. -- La "deconstrucción" de la sociedad a través de la legislación. / María Lacalle Noriega. -- Mujer y varón : "misterio" y "sacramento primordial" de la creación. / Patricia Martínez Peroni. -- "Ideología de género" y futuro. Breve esbozo del lugar de "ideología de género" en la dinámica histórica contemporánea. / Rafael Rubio de Urquía. |
| 563 ## - NOTA DE ENCUADERNACIÓN |
| Nota de encuadernación |
Rústico |
| 650 #7 - ASIENTO SECUNDARIO DE MATERIA - TERMINO TEMÁTICO |
| 9 (RLIN) |
451 |
| Término temático o nombre geográfico como elemento de entrada |
Feminismo |
| Subdivisión general |
Aspectos religiosos |
| 700 ## - ASIENTO SECUNDARIO - NOMBRE PERSONAL |
| 9 (RLIN) |
2573 |
| Nombre personal |
Lacalle Noriega, Maria. |
| Responsabilidad |
coordinadora |
| 700 ## - ASIENTO SECUNDARIO - NOMBRE PERSONAL |
| 9 (RLIN) |
2574 |
| Nombre personal |
Martínez Peroni, Patricia. |
| Responsabilidad |
coordinadora |
| 700 ## - ASIENTO SECUNDARIO - NOMBRE PERSONAL |
| 9 (RLIN) |
2575 |
| Nombre personal |
Cañizares, Antonio. |
| Responsabilidad |
prologuista |
| 942 ## - TIPO DE MATERIAL (KOHA) |
| Tipo de Item KOHA |
Libros General |
| 945 ## - INFORMACIÓN LOCAL DEL REGISTRO |
| Catalogador |
JTF-925 |